Pasantía realizada en Grupo Cáder, División Ideas (Registro nro. 36672)

Detalles MARC
000 -CABECERA
Longitud fija campo de control 00945nam a22002177a 4500
003 - IDENTIFICADOR DELl NÚMERO DE CONTROL
Identificador del número de control OSt
005 - FECHA Y HORA DE LA ÚLTIMA TRANSACCIÓN
Fecha y hora de la última transacción 20260527105340.0
008 - CÓDIGOS DE INFORMACIÓN DE LONGITUD FIJA
Códigos de información de longitud fija 260527b2025 slv spa
040 ## - FUENTE DE LA CATALOGACIÓN
Centro transcriptor BMC
082 ## - NÚMERO DE LA CLASIFICACIÓN DECIMAL DEWEY
Númeroo de clasificación 621.398
100 1# - PUNTO DE ACCESO PRINCIPAL-NOMBRE DE PERSONA
Nombre de persona Mezquita López, Guillermo Alejandro
9 (RLIN) 50409
245 10 - MENCIÓN DE TÍTULO
Título Pasantía realizada en Grupo Cáder, División Ideas
Resto del título : Informe final de pasantía
Mención de responsabilidad, etc. Guillermo Alejandro Mezquita López
260 ## - PUBLICACIÓN, DISTRIBUCIÓN, ETC. (PIE DE IMPRENTA)
Lugar de publicación, distribución, etc. Santa Ana (El Salvador)
Nombre del editor, distribuidor, etc. Universidad Católica de El Salvador
Fecha de publicación, distribución, etc. 2025
300 ## - DESCRIPCIÓN FÍSICA
Extensión 138 p.
Dimensiones 28 cm
Material anejo + 1 disco compacto
500 ## - NOTA GENERAL
Nota general Precede al tít.: Universidad Católica de El Salvador, Facultad de Ingeniería y Arquitectura
502 ## - NOTA DE TESIS
Nota de tesis Para optar al título de Ingeniero en Sistemas Informáticos
505 ## - NOTA DE CONTENIDO CON FORMATO
Nota de contenido con formato Período de realización: febrero a julio 2025
650 24 - PUNTO DE ACCESO ADICIONAL DE MATERIA - TÉRMINO DE MATERIA
9 (RLIN) 8508
Término de materia o nombre geográfico como elemento inicial Diseño de sistemas
710 2# - PUNTO DE ACCESO ADICIONAL - NOMBRE DE ENTIDAD
9 (RLIN) 1166
Nombre de entidad o nombre de jurisdicción como elemento inicial Universidad Católica de El Salvador
Unidad subordinada Facultad de Ingeniería y Arquitectura
942 ## - ENTRADA DE ELEMENTOS AGREGADOS (KOHA)
Fuente de clasificaión o esquema Dewey Decimal Classification
Koha [por defecto] tipo de item 4- Trabajo de Graduación
Existencias
Suprimido Perdido Fuente de clasificación o esquema Estropeado Restricciones de uso No para préstamo Código de colección Localización permanente Localización actual Localización en estanter&íacute;as Fecha adquisición Fuente de adquisición Número de inventario Préstamos totales Signatura completa Código de barras Fecha última consulta Fecha del precio de reemplazo Tipo de item de Koha
NULL NULL Dewey Decimal Classification NULL Prestable NULL NULL Biblioteca Miguel de Cervantes - UNICAES Biblioteca Miguel de Cervantes - UNICAES Sala Principal 29/04/2026 Donación - Guillermo Alejandro Mezquita López 006871   P- 006871 1054688 02/06/2026 02/06/2026 4- Trabajo de Graduación